Consultor para la dirección financiero-administrativa /

Contiene: El diagnóstico financiero estático; El diagnóstico financiero dinámico; El valor del dinero en el tiempo; Análisis y evaluación de inversiones; El coste de capital en el análisis de inversiones; Valoración de empresas; Concepto de costes y sistemas tradicionales de costes; Costes como herr...

Deskribapen osoa

Gorde:
Xehetasun bibliografikoak
Egile nagusia: Marwick, Peat (autor)
Formatua: Liburua
Hizkuntza:gaztelania
Argitaratua: Valencia, España : EUA : CISSPRAXIS : Instituto de Empresa ; KPMG, 2001, c2001
Gaiak:
Etiketak: Etiketa erantsi
Etiketarik gabe, Izan zaitez lehena erregistro honi etiketa jartzen!

MARC

LEADER 00000nam^a2200000^a^4500
001 000180511
005 20250521000000.0
009 20260310101902.268
020 |a 84-8235-374-8 
037 |a Acervo ITESO - Biblioteca 
041 |a ESP 
082 |a 658. 15  |b MAR 
100 |a Marwick, Peat  |e (autor) 
245 1 0 |a Consultor para la dirección financiero-administrativa /  |c P. Marwick. 
264 4 |a Valencia, España :  |b CISSPRAXIS :  |b Instituto de Empresa ;  |a EUA :  |b KPMG,  |c 2001, c2001 
300 |a 679 p. 
336 |a texto  |b txt  |2 rdacontenido 
337 |a sin mediación  |b n  |2 rdamedio 
338 |a volumen  |b nc  |2 rdasoporte 
520 |a Contiene: El diagnóstico financiero estático; El diagnóstico financiero dinámico; El valor del dinero en el tiempo; Análisis y evaluación de inversiones; El coste de capital en el análisis de inversiones; Valoración de empresas; Concepto de costes y sistemas tradicionales de costes; Costes como herramienta para la toma de decisiones; Sistemas de costes basados en la actividad; Control de gestión; Un sistema de control de gestión: el Balanced Business Scorecard; Tecnologías y sistemas de información; Finanzas a corto plazo: gestión de tesorería; La decisión de financiación de la empresa. 
649 |a XX 
650 |a Inversiones 
650 |a Valuación de Empresas 
650 |a Financiamiento (de Empresas, Proyectos, etc.) 
650 |a Sistemas de Información 
650 |a Costos 
650 |a Contabilidad de Costos 
650 |a Contabilidad Financiera 
650 |a Administración Financiera 
650 |a Finanzas 
650 |a Economía 
650 |a Ciencias Administrativas 
910 |a Fondo General 
920 |a Impresos - Libros 
930 |a Colección General 
905 |a 101 
901 |a 0500119831  |b IT1  |c ACC  |u 20250521 
902 |a https://opac.biblio.iteso.mx/vufind/Record/000180511